[Event "Peterborough 4NCL Easter U1700 op"]
[Site "Peterborough"]
[Date "2024.04.01"]
[Round "7"]
[White "Raj Konwar, Daryan"]
[Black "Goldsmith, Jennifer"]
[Result "1/2-1/2"]
[WhiteElo "1362"]
[BlackElo "1561"]
[PlyCount "110"]
[EventDate "2024.03.29"]
[EventType "swiss"]
[EventRounds "7"]
[EventCountry "ENG"]
[SourceTitle "CB14_2024"]
[SourceDate "2024.04.01"]
[SourceVersion "1"]
[SourceVersionDate "2024.04.01"]
[SourceQuality "1"]

1. c4 c6 2. g3 d5 3. cxd5 cxd5 4. d4 Nc6 5. Bg2 Nf6 6. Nc3 Bf5 7. Bg5 e6 8. e3 h6 9. Bxf6 Qxf6 10. Nge2 a6 11. Qb3 Na5 12. Qb6 Qd8 13. Qxd8+ Rxd8 14. Nf4 Nc4 15. b3 Nb6 16. a3 Rc8 17. Kd2 Be7 18. Bf3 0-0 19. g4 Bh7 20. h4 Nd7 21. Nfe2 Rfd8 22. a4 Nf8 23. Rag1 f6 24. Bg2 Rd6 25. f4 Rcd8 26. Bf3 b6 27. g5 fxg5 28. hxg5 hxg5 29. fxg5 Bf5 30. Ng3 Bg6 31. Bh5 Rc6 32. Bxg6 Nxg6 33. Na2 Rdc8 34. Kd3 Rc2 35. Ra1 Rb2 36. Rhb1 Rg2 37. Rg1 Rb2 38. Rgb1 Rbc2 39. Ne2 R2c7 40. Nec3 Bd6 41. Rf1 Ne7 42. Rfc1 e5 43. e4 exd4 44. Kxd4 Bc5+ 45. Kd3 Ba3 46. Rc2 dxe4+ 47. Kxe4 Bd6 48. Rd1 Rc6 49. Ke3 Be5 50. Rdc1 Ng6 51. Ke4 Bf4 52. Rf1 Bxg5 53. Nb4 Rxc3 54. Rxc3 Rxc3 55. Rg1 Rc5 1/2-1/2

[Event "Peterborough 4NCL Easter U1700 op"]
[Site "Peterborough"]
[Date "2024.03.30"]
[Round "3"]
[White "Fletcher, Ben J"]
[Black "Raj Konwar, Daryan"]
[Result "1-0"]
[WhiteElo "1605"]
[BlackElo "1362"]
[PlyCount "51"]
[EventDate "2024.03.29"]
[EventType "swiss"]
[EventRounds "7"]
[EventCountry "ENG"]
[SourceTitle "CB14_2024"]
[SourceDate "2024.04.01"]
[SourceVersion "1"]
[SourceVersionDate "2024.04.01"]
[SourceQuality "1"]

1. e4 c5 2. Nf3 d6 3. d4 cxd4 4. Nxd4 Nf6 5. Nc3 a6 6. Be3 g6 7. f3 Bg7 8. Qd2 Nbd7 9. 0-0-0 b5 10. g4 Bb7 11. h4 Ne5 12. Be2 Rc8 13. h5 b4 14. Na4 Qa5 15. b3 gxh5 16. gxh5 d5 17. Nf5 Rg8 18. Bb6 Qxa4 19. Nxg7+ Rxg7 20. bxa4 Rg2 21. Qe3 Rc3 22. Qf4 Rxe2 23. Rd2 Rxd2 24. Qxd2 Nc4 25. Qd4 dxe4 26. Qd8# 1-0

[Event "Peterborough 4NCL Easter U1700 op"]
[Site "Peterborough"]
[Date "2024.03.29"]
[Round "1"]
[White "Raj Konwar, Daryan"]
[Black "Cheng, Wing"]
[Result "0-1"]
[WhiteElo "1362"]
[BlackElo "1649"]
[PlyCount "78"]
[EventDate "2024.03.29"]
[EventType "swiss"]
[EventRounds "7"]
[EventCountry "ENG"]
[SourceTitle "CB14_2024"]
[SourceDate "2024.04.01"]
[SourceVersion "1"]
[SourceVersionDate "2024.04.01"]
[SourceQuality "1"]

1. c4 Nf6 2. g3 d5 3. Bg2 e5 4. d4 e4 5. Nc3 c6 6. Bg5 Be7 7. Bxf6 Bxf6 8. e3 0-0 9. Nge2 Be6 10. Nf4 Bg5 11. Nxe6 fxe6 12. 0-0 Nd7 13. h4 Bh6 14. Bh3 Rf6 15. Bg2 Nb6 16. c5 Nd7 17. Qb3 Qc7 18. a4 Raf8 19. Rae1 b6 20. cxb6 Nxb6 21. Rc1 Qb8 22. a5 Nd7 23. Qxb8 Rxb8 24. Na4 Rb5 25. Rxc6 Rxa5 26. Ra1 e5 27. Rc8+ Rf8 28. Rxf8+ Kxf8 29. Bh3 Nb6 30. b3 exd4 31. exd4 Ke7 32. Kf1 g6 33. Rc1 Bxc1 34. Nc3 Bb2 35. Ne2 Rb5 36. Kg2 Rxb3 37. Nf4 Bxd4 38. Ne2 Bg7 39. Nf4 a5 0-1